Toxic mould (Record no. 71001)
[ view plain ]
| 000 -LEADER | |
|---|---|
| fixed length control field | 00800cam a2200169 4500 |
| 001 - CONTROL NUMBER | |
| control field | WB3831-16 |
| 008 - FIXED-LENGTH DATA ELEMENTS--GENERAL INFORMATION | |
| fixed length control field | 020823n2002 000 0 eng u |
| 035 ## - SYSTEM CONTROL NUMBER | |
| System control number | (Sirsi) u119422 |
| 245 ## - TITLE STATEMENT | |
| Title | Toxic mould |
| 260 ## - PUBLICATION, DISTRIBUTION, ETC. | |
| Date of publication, distribution, etc. | 2002 |
| 490 ## - SERIES STATEMENT | |
| Series statement | RICS Feature |
| Volume/sequential designation | 21 August 2002, (2) |
| 520 ## - SUMMARY, ETC. | |
| Summary, etc. | Health problems related to mould are growing concern to surveyors. Conditions associated with mould include immunological reactions, toxic effects and infectious diseases. Surveying issues include identification, liability, site safety and remediation. RICS is co-sponsoring toxic mould research project, results due early 2003. www.rics.org/ricscms/bin/show?class=Feature&template=/includes/showfeature.html&id=324 |
| 590 ## - LOCAL NOTE (RLIN) | |
| Local note | WB |
| 650 ## - SUBJECT ADDED ENTRY--TOPICAL TERM | |
| Topical term or geographic name entry element | TOXIC MOULD |
| 690 ## - LOCAL SUBJECT ADDED ENTRY--TOPICAL TERM (OCLC, RLIN) | |
| Topical term or geographic name as entry element | Health and safety |
| 9 (RLIN) | 6244 |
| 942 ## - ADDED ENTRY ELEMENTS (KOHA) | |
| Suppress in OPAC | 0 |
| Withdrawn status | Lost status | Source of classification or shelving scheme | Damaged status | Not for loan | Home library | Current library | Shelving location | Date acquired | Total Checkouts | Full call number | Barcode | Date last seen | Copy number | Price effective from | Koha item type |
|---|---|---|---|---|---|---|---|---|---|---|---|---|---|---|---|
| Dewey Decimal Classification | London | London | News article | 23/08/2002 | WB3831-16 | 119422-1001 | 06/08/2019 | 1 | 06/08/2019 | News article |